000 00600nam a2200217Ia 4500
003 OSt
005 20221007082843.0
006 a|||||r|||| 00| 0
007 ta
008 221006b |||||||| |||| 00| 0 eng d
024 _a30,341
037 _cDissertations
040 _aFLL
_cFLL
_beng
041 _2eng
_aeng
100 _aAshish Kumar
_9537996
245 0 _aAnalytical study of international commercial arbitration under the arbitration and conciliation act, 1996
260 _c2008
300 _axix,130p
_ccm.
942 _cDIS
_2CC
999 _c1167967
_d1167967